000 00203nam a2200073Ia 4500
008 170817s9999 xx 000 0 und d
100 _aSoni. Ram Gopal
245 0 _aUdyonumukh Bhartiya Samaj Mein Shikshak
260 _bH. P. BHARGAVA AGRA
999 _c39794
_d39794